[Event "IRL-ch 102nd"]
[Site "Dublin"]
[Date "2023.08.08"]
[Round "4"]
[White "Nolan, Conor"]
[Black "Renji, Rafael Ninan"]
[Result "1/2-1/2"]
[WhiteElo "1935"]
[BlackElo "1828"]
[PlyCount "140"]
[EventDate "2023.08.05"]
[EventType "swiss"]
[EventRounds "9"]
[EventCountry "IRL"]
[SourceTitle "CBM 215 Extra"]
[Source "ChessBase"]
[SourceDate "2023.09.30"]
[SourceVersion "1"]
[SourceVersionDate "2023.09.30"]
[SourceQuality "1"]

1. d4 d5 2. Nf3 Nf6 3. g3 Bg4 4. Bg2 e6 5. 0-0 Nbd7 6. c4 Bxf3 7. Bxf3 c6 8. Qb3 Qb6 9. Rd1 Be7 10. Nc3 0-0 11. e4 dxe4 12. Nxe4 Nxe4 13. Bxe4 Nf6 14. Bf3 Rfd8 15. Be3 Qxb3 16. axb3 a6 17. g4 h6 18. g5 hxg5 19. Bxg5 Rd7 20. Rd2 Ne4 21. Bxe4 Bxg5 22. Rd3 Bf6 23. Rad1 Rad8 24. d5 cxd5 25. cxd5 exd5 26. Bxd5 Kf8 27. Be4 Rxd3 28. Rxd3 Rxd3 29. Bxd3 Bxb2 30. Be4 b6 31. Bd3 a5 32. f4 Ke7 33. Kf2 Kd6 34. Ke2 Kc5 35. Kd2 Kd4 36. Kc2 Ba3 37. f5 f6 38. Bc4 Ke4 39. Bd3+ Kf3 40. h3 Kf4 41. Kc3 Kg3 42. Bf1 Kf2 43. Bd3 Kg2 44. Kc4 Kxh3 45. Kb5 Bc5 46. Ka4 Kg4 47. Kb5 Kf4 48. Ka4 Ke3 49. Bc2 Kd4 50. Bd1 Ke5 51. Bc2 Bd4 52. b4 axb4 53. Kxb4 Kf4 54. Kb5 Kg5 55. Bb1 Bc5 56. Bc2 Kf4 57. Bb1 Ke5 58. Bc2 Kd6 59. Bb1 Bd4 60. Bc2 Ke7 61. Bb1 Kf8 62. Bc2 Kg8 63. Bb1 Kh7 64. Bc2 Kh6 65. Bb1 Kg5 66. Bc2 g6 67. fxg6 f5 68. Bxf5 Kxf5 69. g7 Bxg7 70. Kxb6 Ke5 1/2-1/2

[Event "IRL-ch 102nd"]
[Site "Dublin"]
[Date "2023.08.06"]
[Round "2"]
[White "Flynn, Jacob"]
[Black "Renji, Rafael Ninan"]
[Result "1-0"]
[WhiteElo "2142"]
[BlackElo "1828"]
[PlyCount "113"]
[EventDate "2023.08.05"]
[EventType "swiss"]
[EventRounds "9"]
[EventCountry "IRL"]
[SourceTitle "CBM 215 Extra"]
[Source "ChessBase"]
[SourceDate "2023.09.30"]
[SourceVersion "1"]
[SourceVersionDate "2023.09.30"]
[SourceQuality "1"]

1. d4 d5 2. c4 dxc4 3. Nf3 Nf6 4. e3 e6 5. Bxc4 c5 6. 0-0 a6 7. Be2 Nc6 8. dxc5 Bxc5 9. Qxd8+ Kxd8 10. b3 b5 11. a4 b4 12. Bb2 Bb7 13. Nbd2 Ke7 14. Rac1 Ba7 15. Ne5 Rhc8 16. Bf3 Na5 17. Bxb7 Nxb7 18. Nc6+ Ke8 19. Nxa7 Rxc1 20. Rxc1 Rxa7 21. Bxf6 gxf6 22. Rc7 Ra8 23. Rxb7 Rd8 24. Nf1 a5 25. Rb5 Rd3 26. Rxa5 Rxb3 27. g4 Ra3 28. Nd2 b3 29. Rb5 Rxa4 30. h3 Kf8 31. Nxb3 Kg7 32. Kg2 Ra2 33. Rb7 Kg6 34. Nd4 Ra3 35. Ne2 Ra6 36. Nf4+ Kg7 37. Rb8 f5 38. gxf5 exf5 39. Rb5 Kf6 40. Nh5+ Kg6 41. Ng3 f4 42. exf4 Ra3 43. Rg5+ Kf6 44. Ne4+ Ke7 45. Rh5 Ra4 46. Kf3 Ra3+ 47. Kg4 Ra4 48. Ng3 Ra2 49. f3 Kf8 50. Rxh7 Rg2 51. f5 Kg8 52. Rh6 Kg7 53. Ra6 Rb2 54. h4 Rb4+ 55. Ne4 Rb2 56. Ra7 Rb5 57. Rxf7+ 1-0

[Event "Bunratty Online"]
[Site "Chess.com INT"]
[Date "2021.02.20"]
[Round "3"]
[White "Melaugh, Shanemelaugh"]
[Black "Renji, Rafael Ninan"]
[Result "1-0"]
[WhiteElo "2161"]
[BlackElo "1576"]
[PlyCount "65"]
[EventDate "2021.02.20"]
[EventType "swiss (blitz)"]
[EventRounds "9"]
[EventCountry "IRL"]
[SourceTitle "CBM 200 Extra"]
[Source "ChessBase"]
[SourceDate "2021.03.31"]
[SourceVersion "1"]
[SourceVersionDate "2021.03.31"]
[SourceQuality "1"]

1. e4 c5 2. c4 Nc6 3. Nc3 g6 4. g3 Bg7 5. Bg2 e6 6. Nge2 Nge7 7. 0-0 0-0 8. d3 Nd4 9. a3 b6 10. Rb1 Bb7 11. b4 cxb4 12. axb4 d5 13. exd5 exd5 14. Nxd4 Bxd4 15. Nb5 Bg7 16. Bg5 f6 17. Bf4 Qd7 18. Re1 dxc4 19. Bxb7 Qxb7 20. dxc4 Nf5 21. Nd6 Nxd6 22. Bxd6 Rfe8 23. Qd3 Rad8 24. c5 Qc6 25. Qc4+ Kh8 26. Qf7 Rxe1+ 27. Rxe1 bxc5 28. bxc5 a5 29. Re7 Rg8 30. Rb7 a4 31. Bf8 a3 32. Bxg7+ Rxg7 33. Qxg7# 1-0

[Event "Bunratty Online"]
[Site "Chess.com INT"]
[Date "2021.02.20"]
[Round "5"]
[White "Renji, Rafael Ninan"]
[Black "Kanyamarala, Trisha"]
[Result "0-1"]
[WhiteElo "1576"]
[BlackElo "2180"]
[PlyCount "114"]
[EventDate "2021.02.20"]
[EventType "swiss (blitz)"]
[EventRounds "9"]
[EventCountry "IRL"]
[SourceTitle "CBM 200 Extra"]
[Source "ChessBase"]
[SourceDate "2021.03.31"]
[SourceVersion "1"]
[SourceVersionDate "2021.03.31"]
[SourceQuality "1"]

1. e4 c5 2. Nf3 d6 3. c3 Nf6 4. Be2 Bd7 5. d3 Nc6 6. 0-0 g6 7. Nbd2 Bg7 8. d4 0-0 9. b3 cxd4 10. cxd4 Rc8 11. Bb2 Nh5 12. Rc1 Nf4 13. Re1 Nxe2+ 14. Qxe2 a6 15. e5 dxe5 16. Nxe5 Nxe5 17. dxe5 Bb5 18. Qe3 Qa5 19. a4 Bd7 20. Nc4 Qc5 21. Red1 Qxe3 22. Nxe3 Be6 23. b4 Bb3 24. Rxc8 Rxc8 25. Ra1 Bh6 26. Ng4 Bd2 27. g3 h5 28. Ne3 Bxb4 29. Rb1 Be6 30. Bd4 a5 31. f4 Rd8 32. Bb6 Rd3 33. Kg2 Bd7 34. Ra1 Bc6+ 35. Kf2 Rd2+ 36. Kg1 Rb2 37. Bd4 Rb3 38. Bb6 Bd2 39. Ng2 Rxb6 40. Rd1 Bc3 41. Rd8+ Kg7 42. Nh4 Rb1+ 43. Kf2 Rb2+ 44. Ke3 Bb4 45. f5 Bc5+ 46. Rd4 Rb4 47. f6+ exf6 48. exf6+ Kxf6 49. Nf3 Bxf3 50. Kxf3 Bxd4 51. h4 Rxa4 52. g4 hxg4+ 53. Kxg4 Be5+ 54. Kh3 Rc4 55. h5 gxh5 56. Kg2 a4 57. Kf2 a3 0-1